| 000 | 010240000a22003370004500 | ||
|---|---|---|---|
| 001 | 20762 | ||
| 003 | CO-MdFUSB | ||
| 005 | 20180622072546.0 | ||
| 008 | 160920b xxu||||| |||| 00| 0 eng d | ||
| 020 | _a978-0-281-04697-3 | ||
| 040 |
_aCO-MdFUSB _bEspañol _cCO-MdFUSB _dCO-MdFUSB |
||
| 041 | _aeng | ||
| 082 |
_224 _aG 253.5 _bJ17s |
||
| 100 | 1 |
_aJacobs, Michael _eautor |
|
| 245 | 1 | 0 |
_aStill small voice _b: An introduction to pastoral counselling _c/ Michael Jacobs |
| 250 | _aSegunda edición | ||
| 264 | 1 |
_aLondon : _bSPCK, _c1993 |
|
| 264 | _c1982 | ||
| 300 | _axii, 260 páginas | ||
| 336 |
_2rdacontent _a1 _ba1 |
||
| 337 |
_2rdamedia _a2 _b5 |
||
| 338 |
_2rdacarrier _a2 _b5 |
||
| 490 | _aNew Library of Pastoral Care | ||
| 500 | _aIncluye índice (p. 256-260) | ||
| 501 | _aRústico | ||
| 505 | 0 | 0 | _aAsesoramiento en contexto - Asesoramiento en la práctica |
| 650 | 0 |
_9230 _aPsicología pastoral |
|
| 650 | 0 |
_9228 _aConsejería pastoral _vIntroducción |
|
| 942 | _cBK | ||
| 999 |
_c47113 _d47113 |
||